Statistics for Countries With The Highest Number Of Muslims

Click here to take the quiz!

General Stats

  • This quiz has been taken 26 times
  • The average score is 17 of 20

Answer Stats

Number Of MuslimsCountry% Correct
41,240,913Algeria
96%
37,930,989Morocco
96%
200,400,000Pakistan
96%
87,500,000Egypt
92%
195,000,000India
92%
229,000,000Indonesia
92%
82,500,000Iran
92%
38,465,864Iraq
92%
79,850,000Turkey
92%
21,101,926Niger
88%
99,000,000Nigeria
88%
31,878,000Saudi Arabia
88%
39,585,777Sudan
88%
153,700,000Bangladesh
79%
28,127,500China
79%
20,000,000Russia
79%
27,784,498Yemen
79%
34,836,014Afghanistan
75%
35,600,000Ethiopia
71%
26,550,000Uzbekistan
67%

Score Distribution

Percentile by Number Answered

Percent of People with Each Score

Your Score History

You have not taken this quiz